Welsh players in Premier League (2000-) - Statistics

General Stats
  • This quiz has been taken 73 times
  • The average score is 33 of 96
Answer Stats
Ranking Player Positions Nationality Matches Goals (assists) Periods Clubs % Correct
1 Ryan Giggs MF, FW 382 55 (101) 2000-2014
95%
12 Gareth Bale MF, FW 166 53 (22) 2007-2012, 2020-2021
93%
6 Aaron Ramsey MF 262 40 (45) 2008-2019
92%
2 Ben Davies DF, MF 313 10 (19) 2012-2025
92%
3 Simon Davies MF 300 27 (35) 2000-2012
92%
9 Ashley Williams DF 241 6 (5) 2011-2018
86%
67 Jonny Williams MF, FW 12 0 (0) 2013-2016
86%
26 Neco Williams DF 105 2 (5) 2019-2025
86%
24 Daniel James MF, FW 106 12 (12) 2019-2023
83%
57 Declan John DF, MF 20 0 (0) 2013-2014
83%
95 Tom James DF, MF 1 0 (0) 2013-2014
83%
11 Wayne Hennessey GK 187 0 (1) 2009-2011, 2013-2019, 2021-2023
83%
38 Andy Johnson MF 62 1 (2) 2002-2003, 2004-2006
81%
23 Brennan Johnson MF, FW 106 24 (16) 2022-2025
81%
10 Joe Allen MF 199 16 (11) 2011-2018
80%
4 Craig Bellamy FW 294 81 (31) 2000-2009, 2011-2012, 2013-2014
78%
50 Danny Ward GK 31 0 (0) 2015-2016, 2021-2022, 2024-2025
73%
78 Darren Ward GK 4 0 (0) 2004-2005, 2007-2008
73%
19 Harry Wilson MF, FW 120 19 (10) 2019-2020, 2022-2025
73%
52 Ethan Ampadu DF, MF 26 0 (0) 2017-2018, 2020-2021
68%
53 Matt Jones MF 25 1 (0) 2000-2002
64%
22 Paul Jones GK 111 0 (0) 2000-2004
64%
31 David Brooks MF, FW 87 11 (6) 2018-2019, 2022-2025
61%
63 Joe Rodon DF 15 0 (0) 2020-2022
56%
14 Danny Collins DF 147 3 (4) 2005-2006, 2007-2011
54%
5 James Collins DF 279 11 (1) 2005-2018
54%
7 Gary Speed MF 247 29 (21) 2000-2008
49%
47 Connor Roberts DF 39 1 (2) 2017-2018, 2021-2022, 2023-2024
47%
28 Hal Robson-Kanu MF, FW 94 14 (3) 2012-2013, 2016-2017, 2020-2021
47%
48 Kieffer Moore MF, FW 35 5 (0) 2022-2024
47%
13 Paul Dummett DF 151 3 (0) 2013-2015, 2017-2021, 2023-2024
47%
45 Tyler Roberts MF, FW 51 2 (3) 2015-2016, 2020-2022
47%
15 Neil Taylor DF, MF 146 0 (5) 2011-2016, 2019-2021
46%
29 Andy King MF 94 8 (2) 2014-2018
42%
40 Chris Mepham DF 61 1 (2) 2018-2019, 2022-2024
42%
96 Tom King GK 1 0 (0) 2024-2025
41%
21 Sam Vokes FW 113 17 (4) 2009-2011, 2014-2015, 2016-2019
37%
33 Joe Ledley MF 83 6 (2) 2013-2017
36%
20 Boaz Myhill GK 118 0 (0) 2008-2010, 2012-2015, 2017-2018
34%
54 Chris Gunter DF, MF 25 0 (0) 2007-2008, 2012-2013
34%
44 Karl Darlow GK 52 0 (0) 2015-2016, 2017-2018, 2020-2022
32%
8 Robbie Savage MF 242 16 (18) 2000-2008
29%
51 Mark Hughes FW 30 1 (0) 2000-2002
27%
58 Nathan Broadhead MF, FW 19 2 (0) 2020-2021, 2024-2025
27%
72 Ben Woodburn MF, FW 6 0 (0) 2016-2018
25%
56 Jazz Richards DF, MF 22 0 (1) 2011-2012, 2014-2015, 2018-2019
25%
41 James Chester DF 60 3 (0) 2013-2016
24%
64 Tom Lockyer DF 14 1 (1) 2023-2024
24%
16 Danny Gabbidon DF 136 1 (1) 2005-2007, 2009-2011, 2013-2014
22%
37 Robert Earnshaw FW 65 13 (1) 2004-2005, 2007-2008
22%
39 David Edwards MF 61 5 (2) 2009-2012
19%
76 Rhys Norrington-Davies DF 5 0 (0) 2023-2024
19%
69 Rob Edwards DF 10 0 (0) 2002-2003, 2010-2011
19%
73 Carl Robinson MF 6 0 (0) 2003-2004, 2005-2006
17%
62 Ched Evans FW 16 1 (1) 2008-2009
17%
27 Jason Koumas MF 96 6 (11) 2002-2003, 2004-2005, 2007-2010
17%
65 John Hartson FW 12 6 (0) 2000-2001
17%
35 John Robinson MF 70 3 (4) 2000-2003
17%
60 Wes Burns DF, FW 18 0 (1) 2024-2025
17%
70 Jason Brown GK 9 0 (0) 2006-2007, 2008-2010
15%
68 Dean Saunders FW 10 0 (0) 2000-2001
14%
80 Luke Harris MF, FW 4 0 (0) 2022-2024
14%
59 David Cotterill MF, FW 19 1 (0) 2006-2008
12%
32 David Vaughan MF 84 5 (3) 2010-2014
12%
89 Finley Stevens DF 1 0 (0) 2021-2022
12%
34 Jack Collison MF 74 7 (4) 2007-2010, 2012-2014
12%
17 Mark Delaney DF 128 1 (4) 2000-2006
12%
66 Carl Fletcher MF 12 1 (0) 2005-2006
10%
25 Mark Pembridge MF 105 3 (11) 2000-2006
10%
43 Steve Morison FW 53 10 (4) 2011-2013
10%
74 Chem Campbell MF, FW 6 0 (0) 2021-2023
8%
30 Sam Ricketts DF 93 1 (3) 2008-2012
8%
82 Tom Lawrence MF, FW 4 0 (0) 2013-2015
8%
18 Ben Thatcher DF 123 1 (4) 2000-2007
7%
75 Lewis Price GK 6 0 (0) 2007-2008
7%
61 Nathan Blake FW 16 2 (2) 2001-2002, 2003-2004
7%
49 Neal Eardley DF 31 1 (0) 2010-2011
7%
71 Adam Henley DF 7 0 (0) 2011-2012
5%
87 Adam Matthews DF, MF 1 0 (0) 2015-2016
5%
36 Andy Melville DF, MF 70 0 (0) 2001-2004
5%
79 Kit Symons DF 4 0 (0) 2001-2002
5%
46 Mark Crossley GK 42 0 (1) 2000-2001, 2003-2006
5%
83 Michael Doughty MF 3 0 (0) 2014-2015
5%
94 Richard Duffy DF 1 0 (0) 2003-2004
5%
55 Andrew Crofts MF 24 0 (1) 2011-2012
3%
88 Andy Marriott GK 1 0 (0) 2002-2003
3%
77 Danny Coyne GK 4 0 (0) 2003-2004
3%
42 John Oster MF 54 1 (4) 2000-2001, 2002-2003, 2006-2008
3%
85 Lewin Nyatanga DF 2 1 (0) 2007-2008
3%
90 Lloyd Isgrove MF 1 0 (0) 2014-2015
3%
91 Niall Huggins DF 1 0 (0) 2020-2021
3%
92 Owen Beck DF 1 0 (0) 2023-2024
3%
84 Shaun MacDonald MF 3 0 (0) 2015-2016
3%
86 Kieron Freeman FW 2 0 (0) 2019-2020
2%
93 Owen Bevan DF 1 0 (0) 2022-2023
2%
81 Rhys Healey FW 4 0 (0) 2013-2014, 2018-2019
2%
No matching quizzes found
Score Distribution
Percent of People with Each Score
Percentile by Number Answered
Your Score History
You have not taken this quiz